000 00872nas a2200277 454500
001 43396
005 20260407193511.0
008 260407s1979####ag###########|||spa#d
003 AR-UNSa-BCEJYS
040 _aAR-UNSa-BCEJYS
_bspa
_cAR-UNSa-BCEJYS
080 _a378.4
_xUniversidades
245 1 0 _aSignos universitarios
_pRevista de la Universidad del Salvador
022 _a0326-3932
264 1 _aBuenos Aires :
_bUniversidad del Salvador
_c1979
310 _aFrecuencia: Cuatrimestral
041 _aspa
942 _cSER
590 _aniveau_biblio:s niveau_hierar:1
100 1 _aUniversidad del Salvador
700 1 _aNieto, Haydée I.
650 _aTrabajo de investigación
650 _aPoblación
650 _aEducación
650 _aMedio ambiente
856 4 1 _uhttps://biblioeco.unsa.edu.ar/pmb/images/revistas/R21207.jpg
_yImagen de portada
_qimage/jpeg
999 _c8898
_d8898